Mister Seahorse / (Record no. 114902)
[ view plain ]
| 000 -LEADER | |
|---|---|
| fixed length control field | 00625nam a2200181 a 4500 |
| 005 - DATE AND TIME OF LATEST TRANSACTION | |
| control field | 20140414132116.0 |
| 008 - FIXED-LENGTH DATA ELEMENTS--GENERAL INFORMATION | |
| fixed length control field | 111011s19uu xx 00 eng d |
| 020 ## - INTERNATIONAL STANDARD BOOK NUMBER | |
| International Standard Book Number | 399242694 |
| 050 ## - LIBRARY OF CONGRESS CALL NUMBER | |
| Classification number | TR |
| Item number | M68 2004 |
| 100 ## - MAIN ENTRY--PERSONAL NAME | |
| Personal name | Carle, Eric |
| 245 ## - TITLE STATEMENT | |
| Title | Mister Seahorse / |
| Statement of responsibility, etc | Eric Carle. |
| 260 ## - PUBLICATION, DISTRIBUTION, ETC. (IMPRINT) | |
| Place of publication, distribution, etc | New York : |
| Name of publisher, distributor, etc | Philomel Books, |
| Date of publication, distribution, etc | c2004. |
| 520 ## - SUMMARY, ETC. | |
| Summary, etc | After Mrs. Seahorse lays her eggs on Mr. Seahorse�s belly, he drifts through the water, greeting other fish fathers who are taking care of their eggs. |
| 650 ## - SUBJECT ADDED ENTRY--TOPICAL TERM | |
| Topical term or geographic name as entry element | Father and child |
| General subdivision | Fiction. |
| 650 ## - SUBJECT ADDED ENTRY--TOPICAL TERM | |
| Topical term or geographic name as entry element | Sea horses |
| General subdivision | Fiction. |
| 650 ## - SUBJECT ADDED ENTRY--TOPICAL TERM | |
| Topical term or geographic name as entry element | Fishes |
| General subdivision | Fiction. |
| Withdrawn status | Lost status | Damaged status | Use restrictions | Home library | Current library | Shelving location | Date acquired | Source of acquisition | Cost, normal purchase price | Total Checkouts | Full call number | Barcode | Date last seen | Price effective from | Koha item type |
|---|---|---|---|---|---|---|---|---|---|---|---|---|---|---|---|
| Munich Library | Munich Library | Teachers Reference Section | 10/11/2011 | 815.00 | TR M68 2004 | M6838 | 04/14/2014 | 04/14/2014 | Books |